Pojištění za pracovní úrazy pro podnikatele.
Novela zákonníka práce, platná v ČR od 1.1.1993, ktorá priniesla najvýznamnejšie zmeny do náhrady škody za pracovné úrazy a choroby z povolania. Otázky zákonného poistenia, spôsob výpočtu poistného, povinnosti zamestnávateľa, porušenie predpisu a úhrada škody.
Salvato in:
| Natura: | Capitolo di libro |
|---|---|
| Lingua: | ceco |
| Soggetti: | |
| Tags: |
Nessun Tag, puoi essere il primo ad aggiungerne!!
|
MARC
| LEADER | 00000naa a2200000 4500 | ||
|---|---|---|---|
| 001 | r013752 | ||
| 005 | 20221213081659.6 | ||
| 041 | 0 | |a cze | |
| 044 | |a CZ | ||
| 245 | 1 | 0 | |a Pojištění za pracovní úrazy pro podnikatele. |
| 520 | |a Novela zákonníka práce, platná v ČR od 1.1.1993, ktorá priniesla najvýznamnejšie zmeny do náhrady škody za pracovné úrazy a choroby z povolania. Otázky zákonného poistenia, spôsob výpočtu poistného, povinnosti zamestnávateľa, porušenie predpisu a úhrada škody. | ||
| 610 | 2 | 0 | |a poistenie úrazové |
| 610 | 2 | 0 | |a úrazy pracovné |
| 610 | 2 | 0 | |a zákonník práce |
| 610 | 2 | 0 | |a 1993 |
| 610 | 2 | 0 | |a choroby z povolania |
| 610 | 2 | 0 | |a podnikatelia |
| 610 | 2 | 0 | |a zamestnávatelia |